[Event "6th Vardaris Open 2020"]
[Site "Thessaloniki"]
[Date "2020.02.28"]
[Round "2.15"]
[White "Bullen, Alex"]
[Black "Florakis, Konstantinos"]
[Result "1-0"]
[WhiteElo "2037"]
[BlackElo "1681"]
[Annotator "TA"]
[PlyCount "67"]
[EventDate "2020.02.27"]
[EventType "swiss"]
[EventCountry "GRE"]
[SourceTitle "playchess.com"]
[Source "ChessBase"]
[SourceQuality "1"]

{[%evp 12,67,27,26,57,9,68,62,68,69,75,45,56,54,68,48,104,104,131,124,120,110,114,121,262,267,266,265,330,205,445,295,310,315,304,304,423,417,459,452,431,374,762,756,745,748,703,695,630,265,274,285,29991,29992,29992,29993,29993,29994]} 1. d4 Nf6 2. Nf3 g6 3. Nbd2 Bg7 4. e4 d6 5. Bd3 O-O 6. O-O c5 7. c3 Nc6 {B07: Pirc Defence: Miscellaneous Systems.} 8. Re1 (8. d5 $5 {[%cal Rd5c6]} Ne5 9. Nxe5 dxe5 10. Re1 $14) 8... Rb8 (8... cxd4 $11 9. cxd4 a5) 9. d5 $14 Ne5 {White is slightly better.} 10. Nxe5 dxe5 {[#]} 11. Nf3 $146 ({Predecessor:} 11. Nc4 Ne8 12. f4 e6 13. dxe6 Bxe6 14. Nxe5 Bxe5 15. fxe5 Qc7 16. Qf3 Ng7 17. Bf1 {1-0 (33) Anton,T (2426)-Coca,C (2003) Olanesti 2018}) 11... Qc7 12. c4 Bg4 13. Be3 h6 ({Black should try} 13... Ne8 $14) 14. h3 $16 Bd7 15. Qd2 Kh7 16. b4 b6 17. Rab1 Nxe4 (17... Rfc8 $16) 18. Bxe4 $18 f5 19. Bc2 f4 20. Nh4 (20. Qd3 Bf5 $16) 20... Bf5 $2 (20... fxe3 21. Qxe3 (21. Bxg6+ Kg8 $18) 21... Be8) 21. Nxf5 gxf5 22. Bxf4 exf4 23. bxc5 bxc5 24. Rxb8 Rxb8 25. Bxf5+ Kh8 26. Bb1 Bd4 $2 (26... Bf6 27. Qd3 e5 28. dxe6 Qg7) 27. Qd3 {[%csl Gb1][%cal Rd3h7] [#]} e5 28. dxe6 {White wants to mate with e7.} Qg7 29. e7 Re8 30. Qf3 (30. Qf5 $142 {Strongly threatening Qd7!} f3 31. Qxf3) 30... Be5 31. Qd5 Rxe7 $2 (31... Bf6 $18 32. Qxc5 Rxe7 33. Rxe7 Bxe7 34. Qc8+ Qf8) 32. Qd8+ {White mates.} Qg8 33. Qxe7 {[%mdl 64] [#] Double Attack} Bc3 34. Re6 {Black did not feel at home in the position after the opening. Accuracy: White = 61%, Black = 31%.} 1-0

[Event "6th Vardaris Open 2020"]
[Site "Thessaloniki"]
[Date "2020.02.28"]
[Round "2.16"]
[White "Karamichos, Michail"]
[Black "Koutlas, Nikolaos"]
[Result "0-1"]
[WhiteElo "1622"]
[BlackElo "2030"]
[Annotator "TA"]
[PlyCount "74"]
[EventDate "2020.02.27"]
[EventType "swiss"]
[EventCountry "GRE"]
[SourceTitle "playchess.com"]
[Source "ChessBase"]
[SourceQuality "1"]

{[%evp 9,74,8,19,12,21,0,0,0,0,-3,-1,-17,-5,-13,-16,-17,0,-18,-10,-22,-21,-36,-50,-59,-24,-67,-66,-72,-68,-67,-66,-92,-80,-116,-136,-167,-160,-157,-160,-171,-116,-107,-120,-284,-278,-302,-295,-407,-362,-488,-478,-538,-524,-967,-958,-960,-962,-1010,-995,-1073,-1068,-5218,-5022,-2187,-4612,-5002,-4914]} 1. e4 c5 2. Nf3 Nc6 3. Bb5 Nf6 4. Qe2 Qc7 5. c3 e5 6. O-O {B30: Sicilian: 2...Nc6 3 Bb5, lines without ...g6.} Be7 7. d3 {[#]} (7. d4 $5) 7... a6 $146 ({Predecessor:} 7... O-O 8. Nbd2 d6 9. Nc4 a6 10. Bxc6 Qxc6 11. a4 Be6 12. Ne3 b5 13. Re1 Rfe8 {1-0 (65) Belenkaya,D (2319)-Lingur,Z (2137) Moscow 2017}) 8. Ba4 {The position is equal.} O-O 9. Re1 b5 10. Bc2 d6 11. Nbd2 h6 12. Nf1 Re8 13. Ng3 Bf8 14. h3 Be6 15. Be3 d5 16. exd5 Bxd5 17. Nd2 {[#]} Nd4 $1 {[%mdl 512]} 18. cxd4 exd4 19. Nde4 Nxe4 20. dxe4 Bc4 21. Qg4 {Threatens to win with Bxh6.} dxe3 22. Rxe3 Qe5 $36 {[%mdl 2048] Black is in control.} 23. Rc3 {[#]} Be6 $1 {[%cal Re6g4]} 24. Qh5 Qxh5 (24... Bd6 $19 25. Qxe5 Bxe5 26. Rxc5 Bxb2) 25. Nxh5 $17 Rad8 26. f4 $2 {White does not recover from this.} (26. Nf4 $17) 26... Rd2 $19 27. f5 Bc4 28. Rc1 Bd6 29. b3 Be5 {Black is clearly winning.} 30. bxc4 Bxc3 31. Bb1 Bb2 32. Re1 bxc4 33. Nf4 c3 34. Nd3 c2 35. Nxb2 cxb1=Q 36. Rxb1 Rb8 37. Rd1 Rbxb2 {Accuracy: White = 51%, Black = 93%.} 0-1

[Event "6th Vardaris Open 2020"]
[Site "Thessaloniki"]
[Date "2020.02.28"]
[Round "2.17"]
[White "Nilsen, Tobias Lang"]
[Black "Poupalos, Nikolaos"]
[Result "1/2-1/2"]
[WhiteElo "2019"]
[BlackElo "1563"]
[Annotator "TA"]
[PlyCount "117"]
[EventDate "2020.02.27"]
[EventType "swiss"]
[EventCountry "GRE"]
[SourceTitle "playchess.com"]
[Source "ChessBase"]
[SourceQuality "1"]

{[%evp 18,117,12,6,23,30,137,138,177,176,189,186,184,202,188,194,217,218,244,222,247,221,227,218,244,233,244,243,235,230,238,233,235,233,233,233,239,241,244,231,256,241,258,239,300,300,300,303,303,295,290,270,295,289,298,308,370,314,290,272,370,166,164,164,165,165,165,165,185,0,0,21,0,0,61,-75,-92,-83,-73,-86,-93,-109,-93,-120,-8,-8,-8,-8,0,-8,-8,-12,0,0,0,0,0,0,0,-8,0,0]} 1. e4 c5 2. Nf3 Nc6 3. d4 cxd4 4. Nxd4 e5 5. Nb5 d6 6. a4 a6 7. N5a3 Nf6 8. Nc3 Be6 9. Bg5 Be7 10. Nc4 O-O {B33: Sicilian: Pelikan and Sveshnikov Variations.} 11. Bxf6 $1 gxf6 (11... Bxf6 $11 {remains equal.} 12. Nd5 Bg5) 12. Ne3 $16 Nd4 {[#]White is clearly better.} 13. Bd3 $1 Rc8 14. Ncd5 {[#]} Kh8 $146 ({Predecessor:} 14... f5 15. Nxe7+ Qxe7 16. exf5 e4 17. Qg4+ {1-0 (17) Gerard,A (1976)-Masset,J (1875) ICCF email 2015}) 15. c3 Nc6 16. Qf3 Nb8 17. O-O Nd7 18. Rfd1 Rg8 19. Nf5 Bxf5 20. Qxf5 Nb6 21. Ne3 Rg5 22. Qf3 Nd7 23. Nf5 Nf8 24. h4 Rg6 25. g3 Ne6 26. Kh1 Qd7 27. Bf1 Qc7 28. Rd2 Rd8 29. Rad1 Ng7 30. Ne3 Rd7 31. Nd5 Qd8 32. Bh3 Ne6 33. Bf5 Rg8 34. Qe3 Rg7 35. b4 Rg8 36. c4 Rg7 37. Nb6 Rc7 38. c5 Nd4 39. Nd5 (39. Rxd4 $142 exd4 40. Qxd4) 39... dxc5 $18 40. Nxc7 Qxc7 41. bxc5 Bxc5 42. Qh6 Qc6 {[#]} 43. Bh3 $2 (43. a5 $1 $18) 43... Qxe4+ $11 44. Bg2 Qf5 45. Rc1 b6 ({Black should try} 45... Ne6 $11 46. Rb2 b6) 46. Rb2 (46. a5 $1 $14 {stays ahead.}) 46... Ba3 $17 {[%mdl 64] Skewer} 47. Rxb6 {Strongly threatening Rc3.} Bxc1 48. Rb8+ Rg8 49. Rxg8+ Kxg8 50. Qxc1 Qc2 (50... Qxf2 $17 51. Qc8+ Kg7 52. Qg4+ Kf8 53. Qc8+ Kg7 54. Qg4+ Kh8 55. Qc8+ Kg7) 51. Qxc2 $11 {The position is equal.} Nxc2 {[%mdl 4096] Endgame KB-KN} 52. a5 h6 53. Bf1 Nb4 54. Kg2 Kf8 55. Kf3 Nc6 56. Bxa6 Nxa5 57. Ke4 Ke7 58. f4 exf4 59. Kxf4 {Blacks defense is rewarded with a draw. Accuracy: White = 84%, Black = 68%.} 1/2-1/2

[Event "6th Vardaris Open 2020"]
[Site "Thessaloniki"]
[Date "2020.02.28"]
[Round "2.18"]
[White "Mitsiou, Georgios"]
[Black "Cani, Armando"]
[Result "1-0"]
[WhiteElo "1519"]
[BlackElo "2002"]
[Annotator "TA"]
[PlyCount "87"]
[EventDate "2020.02.27"]
[EventType "swiss"]
[EventCountry "GRE"]
[SourceTitle "playchess.com"]
[Source "ChessBase"]
[SourceQuality "1"]

{[%evp 20,87,40,22,48,46,69,52,97,89,72,62,69,58,70,47,45,22,73,39,39,33,32,29,49,53,70,76,89,86,110,64,80,80,113,116,122,129,123,106,149,0,0,0,0,-14,0,0,0,0,-2,0,25,0,195,0,0,0,49,51,50,55,52,52,6170,5314,5314,18,5310,5257]} 1. e4 e5 2. Nf3 Nc6 3. Bb5 d6 4. c3 a6 5. Ba4 Nf6 6. Bc2 Bg4 7. O-O Be7 8. Re1 O-O 9. h3 Bh5 10. d3 b5 11. Nbd2 {[%cal Bb1d2,Bd2f1,Bf1g3][%mdl 32]} Nd7 {C77: Ruy Lopez: 3...a6 4 Ba4 Nf6, unusual lines.} 12. Nf1 Nc5 13. Ng3 Bg6 {White is slightly better.} 14. d4 {[#]} Nd7 $146 ({Predecessor:} 14... exd4 15. cxd4 Nb7 16. Bf4 Nb4 17. Bb1 d5 18. Ne5 dxe4 19. Nxe4 Na5 20. Qe2 Nac6 21. Nxg6 fxg6 {0-1 (55) Tsvetnitsky,N-Pikov Ufa 1996}) 15. d5 Na5 16. Nh2 Bg5 17. Ng4 Bxc1 18. Rxc1 Rb8 (18... Nc4 $11) 19. Ne3 Nc4 20. Nxc4 bxc4 21. b4 cxb3 22. axb3 a5 23. Ra1 Ra8 24. Ra2 Nc5 25. Qa1 Qb8 26. Rxa5 Rxa5 27. Qxa5 Nxb3 28. Bxb3 Qxb3 29. Qxc7 h5 30. Nf5 (30. Qxd6 $16 Qxc3 31. Re3 Qc1+ 32. Kh2) 30... Bxf5 $1 $11 31. exf5 Qxd5 {[%mdl 4096] Endgame KQR-KQR} 32. Re3 Ra8 33. Kh2 e4 {White must now prevent ...Qe5+.} 34. Qe7 Qxf5 {aiming for ...Qf4+.} 35. Qxe4 Qa5 36. Qd4 Qc7 $2 {[#]} (36... Qf5 $11) 37. Qe4 $2 (37. Rg3 $1 $18 {[%csl Gg3][%cal Rd4g7][%mdl 512]} g6 38. Qd5) 37... d5+ 38. Qe5 Qc4 39. Qxh5 Qf4+ 40. Rg3 Qxf2 41. Qxd5 Ra1 $2 {[%mdl 8192]} (41... Re8 $14) 42. Qd8+ $18 Kh7 43. Qh4+ Kg8 {[%csl Ga1][%cal Rf2g1] [#]} 44. Rxg7+ $1 {[%mdl 512] Accuracy: White = 80%, Black = 62%.} 1-0

[Event "6th Vardaris Open 2020"]
[Site "Thessaloniki"]
[Date "2020.02.28"]
[Round "2.19"]
[White "Krysa, Leandro"]
[Black "Tziotzios, Dimitrios"]
[Result "1-0"]
[WhiteElo "2523"]
[BlackElo "1473"]
[Annotator "TA"]
[PlyCount "91"]
[EventDate "2020.02.27"]
[EventType "swiss"]
[EventCountry "GRE"]
[SourceTitle "playchess.com"]
[Source "ChessBase"]
[SourceQuality "1"]

{[%evp 15,91,43,43,21,83,83,174,164,155,162,168,170,143,147,179,145,142,151,160,158,180,159,210,198,212,184,216,213,251,247,242,223,230,198,230,221,216,225,269,250,285,276,297,300,286,274,319,331,314,312,403,406,451,419,417,437,542,548,485,477,525,506,827,833,1154,1150,1068,819,1647,1556,5197,1572,12832,8510,12839,12839,12833,1738]} 1. c4 e5 2. Nc3 Nf6 3. g3 c6 4. Nf3 e4 5. Nd4 Qb6 6. Nb3 d5 7. cxd5 cxd5 8. Bg2 Nc6 9. O-O {A23: English Opening: 1...e5 2 Nc3 Nf6 3 g3 c6.} Be7 (9... Be6 $11 {remains equal.}) 10. d3 $16 Bf5 {[#]} (10... d4 $16 {is a better defense.}) 11. Nxd5 $1 $18 {[%mdl 576] Remove Defender, Deflection. White is clearly better.} Nxd5 12. dxe4 {[%mdl 64] Discovered Attack} Bxe4 13. Bxe4 {[#]} Nf6 $146 ({Predecessor:} 13... Ndb4 14. e3 Rd8 15. Qh5 g6 16. Qe2 O-O 17. Bd2 Nxa2 18. Bc2 Nab4 19. Bc3 Rfe8 20. Rfd1 Nxc2 21. Qxc2 Bf8 22. Nd4 a6 23. Qa4 Nxd4 24. Bxd4 Qe6 25. Rac1 {½-½ (25) Weinrich,K-Walton,K Wiesbaden 1988}) 14. Be3 $36 {[%mdl 2048] Black is under strong pressure.} Qb5 15. Qd3 Qxd3 16. Bxd3 O-O 17. Rac1 Rfd8 18. Bb5 Rac8 (18... Ng4 $16) 19. Bxc6 $1 bxc6 20. Bc5 Rd7 21. Rc2 Ne4 22. Bxe7 Rxe7 23. Rd1 g6 24. Rdc1 Rec7 25. Na5 c5 {[#]} 26. b4 $1 {[%mdl 512]} c4 (26... cxb4 27. Rxc7) 27. Nxc4 ({Not} 27. Rxc4 Rxc4 28. Rxc4 Rxc4 $16) 27... Kf8 28. f3 Nd6 {[%cal Rc7c4]} 29. Ne3 Rxc2 30. Rxc2 ({Inferior is} 30. Nxc2 Nb5 $17) 30... Rxc2 31. Nxc2 {[%mdl 4096] Endgame KN-KN} Ke7 32. Kf2 Kd7 33. Ke3 Kc6 34. Nd4+ Kb6 35. Kd3 a5 {White is clearly winning.} 36. bxa5+ Kxa5 37. e4 Kb4 38. Nc6+ Ka3 (38... Kc5 $142 39. Nd8 f5 40. Ne6+ Kc6) 39. e5 Ne8 40. Nd8 f6 41. Kd4 Kxa2 42. Ne6 h6 43. Nf8 (43. exf6 $142 Nxf6 44. Nf8) 43... g5 44. exf6 Nxf6 45. Ke5 Ng8 46. Ke6 {Accuracy: White = 85%, Black = 29%.} (46. f4 $142 gxf4 47. gxf4) 1-0

[Event "6th Vardaris Open 2020"]
[Site "Thessaloniki"]
[Date "2020.02.28"]
[Round "2.20"]
[White "Gavriilidis, Orestis"]
[Black "Marin, Mihail"]
[Result "0-1"]
[WhiteElo "1983"]
[BlackElo "2502"]
[Annotator "TA"]
[PlyCount "86"]
[EventDate "2020.02.27"]
[EventType "swiss"]
[EventCountry "GRE"]
[SourceTitle "playchess.com"]
[Source "ChessBase"]
[SourceQuality "1"]

{[%evp 19,86,60,75,31,51,43,46,14,40,10,27,17,16,16,8,9,18,0,4,0,0,-47,-3,-6,0,-70,7,-61,-53,-47,0,-16,-7,-20,0,-36,-27,-44,-6,-6,-6,-6,0,0,0,-8,0,-26,0,0,0,0,0,-400,-154,-157,0,0,0,0,0,0,36,-951,-970,-998,-970,-1683,-1424]} 1. d4 Nf6 2. Nf3 g6 3. c4 Bg7 4. Nc3 O-O 5. e4 d6 6. Be2 c5 7. d5 e5 8. O-O Ne8 9. Ne1 f5 10. exf5 gxf5 11. f4 {E92: King's Indian: Classical: 6 Be2 e5: 7 dxe5, 7 Be3 and Petrosian System without 7...Nbd7.} Nd7 12. Nc2 Qe7 13. Kh1 {White is slightly better.} Kh8 {[#]} 14. Bd2 $146 ({Predecessor:} 14. Ne3 Bh6 15. fxe5 Qxe5 16. Ng4 fxg4 17. Bxh6 Rxf1+ 18. Qxf1 Qf6 19. Bf4 Qg6 20. Bd3 Qg7 21. Ne4 Qe7 22. Re1 Kg7 {1-0 (22) Therrien,A (2258)-Olson,H (2024) England 2013}) 14... exf4 15. Bxf4 Ne5 16. Qd2 Bd7 17. Rae1 Nf6 18. Ne3 Ne4 19. Nxe4 $1 fxe4 20. Qc2 Ng6 (20... Nf3 $5 21. gxf3 Rxf4 $15) 21. Bg3 Bd4 22. Qc1 (22. Nd1 $11) 22... Nh4 (22... Qg5 $15 23. Nc2 Qxc1 24. Rxc1 Bxb2 25. Bxd6 Bxc1 26. Bxf8 Rxf8 27. Rxc1 Rf2) 23. Rf4 (23. Nc2 $11) 23... Rxf4 $15 24. Bxf4 Ng6 25. Bg3 Rf8 26. Nc2 Bg7 27. Rf1 Rxf1+ 28. Qxf1 Bxb2 {next ...Be5 is good for Black.} 29. Qb1 Be5 30. Qxb7 Bxg3 31. hxg3 Ne5 32. Qxa7 Qf6 {Threatens to win with ...Bg4.} 33. Kg1 Qh6 {Hoping for ...Qc1+.} (33... Bg4 $5 {[%cal Rg4e2]} 34. Bf1 Qg5 $11) 34. Qb8+ Kg7 {White must now prevent ...Qc1+.} 35. Qd8 Kf7 36. Bf1 $2 {[%mdl 8192]} (36. Qh4 $11 Qc1+ 37. Bf1) 36... Qd2 $2 (36... Ba4 $19 {and Black stays clearly on top.} 37. Qc7+ Ke8) 37. Qh4 $17 {[#]} Ng4 $2 ({And not} 37... Qxc2 38. Qxh7+ Kf8 39. Qh8+ Kf7 40. Qh7+ Kf8 41. Qh8+ Kf7 42. Qh7+ $11) ({Better is} 37... Kg6 $1 $17 {Strongly threatening ...Ng4.} 38. Qe7 Ng4 39. Qxe4+ {[#]} (39. Qxd6+ $2 Nf6 $19) 39... Bf5 $1 {[%mdl 512]} 40. Qe8+ Kg5 41. Qe7+ Kh5) 38. Qxh7+ $11 {[%mdl 64] Double Attack} Kf8 (38... Kf6 $5 39. Qh8+ $8 Kf7 40. Qh7+ {[%mdl 64] Double Attack} Kf8 41. Qh8+ Kf7 42. Qh7+ $11 {[%mdl 64] Double Attack}) 39. Qh8+ $1 Ke7 {( -> ...Qf2+)} 40. Qh4+ $1 Nf6 (40... Kf7 $5 41. Qh7+ $8 {[%mdl 64] Double Attack} Kf8 42. Qh8+ Kf7 43. Qh7+ $11 {[%mdl 64] Double Attack}) 41. Na3 $2 {[%mdl 8192]} ({Avoid the trap} 41. Qh8 $2 Kf7 $19) (41. g4 $14 Qf4 42. Qf2 Qxg4 43. g3) 41... Qe3+ $19 {Black is clearly winning.} 42. Kh1 Qxa3 43. Qh8 Qxg3 {Accuracy: White = 54%, Black = 60%.} 0-1

[Event "6th Vardaris Open 2020"]
[Site "Thessaloniki"]
[Date "2020.02.29"]
[Round "3.1"]
[White "Chatzieleftheriou, Andreas"]
[Black "Lu, Shanglei"]
[Result "0-1"]
[WhiteElo "2167"]
[BlackElo "2615"]
[Annotator "TA"]
[PlyCount "104"]
[EventDate "2020.02.27"]
[EventType "swiss"]
[EventCountry "GRE"]
[SourceTitle "playchess.com"]
[Source "ChessBase"]
[SourceQuality "1"]

{[%evp 17,104,6,28,-2,50,0,30,4,10,-3,43,40,61,58,56,61,61,58,43,52,124,129,127,127,125,132,133,128,125,118,126,70,110,95,111,106,150,5,23,0,0,0,0,0,0,0,0,0,0,0,0,0,0,0,0,0,0,-22,-22,-46,-2,-3,0,-36,-19,-24,-17,-44,-40,-422,-409,-379,-401,-271,-384,-372,-356,-323,-306,-12838,-12839,-12841,-12838,-12839,-12839,-12839,-12839,-12837,-766]} 1. c4 f5 2. Nc3 Nf6 3. g3 g6 4. Bg2 Bg7 5. d3 e5 6. e4 O-O 7. Nge2 d6 8. O-O c6 9. h3 Be6 10. b3 {A21: English Opening: 1...e5 2 Nc3.} Qd7 ({Black should try} 10... f4 $11) 11. Kh2 d5 {[#]} 12. exf5 $146 {White has an edge.} ({Predecessor:} 12. exd5 cxd5 13. Bg5 dxc4 14. bxc4 Nc6 15. Rb1 b6 16. Bxf6 Bxf6 17. Nd5 Bg7 18. f4 Rad8 19. Qa4 Ne7 20. Qxd7 {½-½ (20) Adamski,J (2299)-Tkachuk,K (2236) Germany 2012}) 12... gxf5 13. d4 exd4 14. Nxd4 dxc4 15. Nxe6 Qxe6 16. Re1 Qf7 ({Don't go for} 16... Ne4 $2 17. Nxe4 $1 {[%mdl 512]} fxe4 18. Ba3 $18) 17. Rb1 Nbd7 18. bxc4 Nc5 (18... Qxc4 $14 19. Re7 Rae8) 19. Ba3 $16 Rfd8 20. Qc2 Nfd7 21. Na4 Nxa4 22. Re7 ({Much worse is} 22. Qxa4 Nb6 $11) 22... Qf6 {aiming for ...Nac5.} 23. Qxa4 Bf8 24. Ree1 ({White should play} 24. Re2 $16) 24... Nb6 25. Qb3 Bxa3 {[#]} 26. c5+ $1 Qf7 27. cxb6 ({White must play} 27. Qxa3 $16 Nd5 28. Re5) 27... axb6 (27... Qxb3 {feels hotter.} 28. Rxb3 axb6 29. Rxb6 Rd7 30. Bf3 Kg7) 28. Qxf7+ (28. Qxb6 {seems wilder.} Bd6 29. Kg1 f4 30. Re4 Rd7 31. Rd1) 28... Kxf7 29. Rxb6 Ra7 30. Rb3 Rd2 31. Rf3 Kf6 32. Bf1 Bd6 33. Bc4 {Threatening Re6+.} Be5 34. Kg2 b5 35. Bd3 f4 36. gxf4 Bd4 37. Bb1 c5 {...Rg7+ is the strong threat.} 38. f5 $1 Rg7+ {[%mdl 1024] Black has compensation.} 39. Kf1 c4 40. Rf4 Rd7 41. Re6+ Kf7 {Strongly threatening ...Rd1+.} 42. Be4 c3 $36 {[%mdl 2048] And now ...Rc7 would win. Black has some pressure.} ({Reject} 42... Rxa2 $6 43. Bc6 $14) 43. Rh4 $2 {[%mdl 8192] This move loses the game for White.} (43. Rh6 $15) 43... Kf8 44. Rc6 Rxf2+ 45. Ke1 Rxa2 {White must now prevent ...Bf2+.} 46. Rc8+ Kg7 47. f6+ Kxf6 {( -> ...Bf2+)} 48. Rc6+ $2 (48. Rf8+ Ke7 49. Rxh7+ Kd6 50. Rxd7+ Kxd7 51. Rb8 Bf2+ 52. Kf1) 48... Ke5 $19 {Black is clearly winning.} 49. Rg4 Bf2+ 50. Kf1 Rd1+ 51. Kg2 Bd4+ 52. Kf3 Rf2+ {Accuracy: White = 67%, Black = 78%.} 0-1

[Event "6th Vardaris Open 2020"]
[Site "Thessaloniki"]
[Date "2020.02.29"]
[Round "3.2"]
[White "Zeng, Chongsheng"]
[Black "Madebrink, Lars"]
[Result "1-0"]
[WhiteElo "2567"]
[BlackElo "2115"]
[Annotator "TA"]
[PlyCount "89"]
[EventDate "2020.02.27"]
[EventType "swiss"]
[EventCountry "GRE"]
[SourceTitle "playchess.com"]
[Source "ChessBase"]
[SourceQuality "1"]

{[%evp 21,89,42,46,20,37,52,48,52,35,38,117,103,97,95,77,98,77,91,108,78,109,60,83,63,64,68,59,56,47,51,48,56,66,0,8,0,9,0,8,0,9,12,15,24,104,98,194,189,184,146,180,173,337,322,310,293,590,585,782,776,773,773,773,736,706,706,787,779,700,679]} 1. c4 Nf6 2. Nc3 g6 3. d4 Bg7 4. Nf3 O-O 5. Bg5 d6 6. e3 Nbd7 7. Be2 c6 8. O-O Qc7 9. Qc2 e5 10. Rad1 Re8 11. dxe5 dxe5 12. Nd2 {E61: King's Indian: Early deviations for White, including Smyslov System.} h6 13. Bh4 Nf8 14. c5 {White is slightly better.} Bf5 15. Qc1 {[#]} Nd5 $146 ({Better is} 15... Red8 $14) ({Predecessor:} 15... b5 16. cxb6 Qxb6 17. Nc4 Qc5 18. Nd6 Red8 19. Nxf5 gxf5 20. Qb1 e4 21. Rxd8 Rxd8 {1-0 (58) Iljin,A (2509)-Sharma,D (2295) St Petersburg 2018}) 16. Nc4 $1 $16 Be6 17. Nd6 Reb8 18. Bc4 {[%cal Rc4d5]} Nxc3 19. Qxc3 (19. bxc3 $6 Bxc4 20. Nxc4 Ne6 $11) 19... b6 20. Bg3 Bxc4 21. Nxc4 {[%cal Rg3e5]} (21. Qxc4 {looks sharper.} bxc5 22. f4 Rb4 23. Qc1 exf4 24. Bxf4 Qe7 25. Bg3) 21... Re8 22. h3 Nd7 23. cxb6 Nxb6 24. e4 Nxc4 25. Qxc4 Rad8 26. b3 Qb6 27. Rfe1 (27. Kh2 $14) 27... Rd4 $11 28. Rxd4 exd4 29. Kf1 Qb5 30. Bd6 d3 31. f3 Re6 {Strongly threatening ...Qxc4.} 32. Bc5 Bc3 (32... Qxc4 $11 {remains equal.} 33. bxc4 Re5) 33. Re3 Re5 (33... Qxc4 $16 34. bxc4 Re5) 34. Qxb5 $18 ({Don't do} 34. Bxa7 $6 Qxc4 35. bxc4 Re7 $14) 34... cxb5 {[%mdl 4096] Endgame KRB-KRB} 35. b4 a5 {[#]} 36. a3 $1 ({Don't play} 36. Rxd3 axb4 37. Bd4 Bxd4 $16) 36... a4 $2 (36... axb4 37. axb4 Re8) 37. Rxd3 Bb2 38. Rd2 Bxa3 $2 {[#]} (38... Ba1 39. Rd8+ Kh7) 39. Rd8+ $1 {White is clearly winning.} Kh7 40. Bd4 f6 41. Bxe5 fxe5 42. Rd5 Bxb4 43. Rxb5 Bc3 44. Rb7+ Kg8 45. Ra7 {Accuracy: White = 83%, Black = 59%.} 1-0

[Event "6th Vardaris Open 2020"]
[Site "Thessaloniki"]
[Date "2020.02.29"]
[Round "3.3"]
[White "Disha, Beshim"]
[Black "Nesteretz, Anatoliy"]
[Result "0-1"]
[WhiteElo "2073"]
[BlackElo "2385"]
[Annotator "TA"]
[PlyCount "52"]
[EventDate "2020.02.27"]
[EventType "swiss"]
[EventCountry "GRE"]
[SourceTitle "playchess.com"]
[Source "ChessBase"]
[SourceQuality "1"]

{[%evp 13,52,14,16,-2,-7,0,-4,-12,0,-22,29,-79,-77,-125,-130,-123,-120,-133,-137,-181,-181,-178,-175,-193,-193,-247,-230,-220,-210,-191,-164,-265,-269,-307,-303,-293,-303,-462,-464,-540,-532]} 1. c4 g6 2. Nc3 Bg7 3. g3 Nf6 4. Bg2 O-O 5. e3 Nc6 6. Nge2 d6 7. O-O e5 8. h3 {A25: English Opening vs King's Indian with ...Nc6 but without early d3.} Be6 9. d3 Qd7 10. Kh2 {The position is equal.} d5 11. d4 {[#]} Rad8 $146 ({And not} 11... dxc4 12. d5 $16) (11... exd4 $142 12. exd4 Ne7) ({Predecessor:} 11... exd4 12. exd4 Na5 13. c5 b6 14. b3 Ne4 15. Nxe4 dxe4 16. Ba3 Rfe8 17. Rc1 Rad8 {0-1 (40) Claesen,P (2380)-Vandenbussche,T (2263) Eupen 2008}) 12. c5 {[#]} (12. e4 $1 $11 {remains equal.}) 12... Ne4 $1 $36 {[%mdl 2560] Black is really pushing.} 13. f3 (13. Nxe4 dxe4) 13... Nxc3 14. bxc3 b6 15. Ba3 Rfe8 16. Qa4 Na5 17. Qxd7 Bxd7 18. cxb6 axb6 {And now ...exd4 would win.} 19. Rfe1 (19. Rf2 {might work better.}) 19... Nc4 $19 20. Bc1 exd4 21. exd4 Re7 22. Kg1 (22. a4 $142) 22... Rde8 23. Kf2 c5 24. Bg5 f6 25. Bf4 (25. Bc1 $142) 25... Nb2 {[#] White must now prevent ...Nd3+.} 26. Bd6 Nd3+ {White got outplayed after the opening. Accuracy: White = 49%, Black = 93%.} 0-1